00000000nam##2200000za#4500
0019.625301
003CaOODSP
00520200327182804
007ta
008150406|2000||||xxc|||||     f|0| 0 fre|d
020 |a0-662-84646-X
040 |aCaOODSP|bfre
043 |an-cn---
0861 |aMP32-28/00-4F
1101 |aCanada.|bDéveloppement des ressources humaines Canada. |bDirection générale de la recherche appliquée.
24510|aLes chômeurs sans emploi récent / |cpar Marcel Bédard, Jean-François Bertrand et Louis Grignon.
260 |aOttawa - Ontario : |bDéveloppement des ressources humaines Canada. |c2000.
300 |avii, 40p. : |bgraphiques, tableaux ; |c28 cm.
4901 |aDocument de travail|vW-00-4F
500 |a«L'objectif de ce document est de répondre aux questions suivantes: (1) Qui sont les chômeurs sans emploi récent (i.e.: les chômeurs qui n'ont pas occupé d'emploi au cours des 12 derniers mois)? et (2) Qu'est-ce qui explique que leur proportion du chômage total a presque doublé au cours des années 1990? Pour ce faire, l'étude utilise des données de l'Enquête sur la population active et de la nouvelle Enquête sur la couverture de la population par l'Assurance-emploi de Statistique Canada.»--Résumé.
5203 |aL'objectif de ce document est de répondre aux questions suivantes: (1) Qui sont les chômeurs sans emploi récent (i.e.: les chômeurs qui n'ont pas occupé d'emploi au cours des 12 derniers mois)? et (2) Qu'est-ce qui explique que leur proportion du chômage total a presque doublé au cours des années 1990? Pour ce faire, l'étude utilise des données de l'Enquête sur la population active et de la nouvelle Enquête sur la couverture de la population par l'Assurance-emploi de Statistique Canada.--Résumé
546 |aAbstract in English
563 |aCouverture souple
590 |a00-27|b2000-07-07
7201 |aGrignon, Louis
7201 |aBédard, Marcel
7201 |aBertrand, Jean-François
7760#|tLes chômeurs sans emploi récent / |w(CaOODSP)9.603514
830#0|aDocument de travail ;|vW-00-4F|w(CaOODSP)9.513149